| 000 | 00623nam a2200193 i 4500 | ||
|---|---|---|---|
| 001 | 57380 | ||
| 003 | ES-MaACL | ||
| 005 | 20230906163551.0 | ||
| 007 | t| | ||
| 008 | 031016s1983 sp ||||1| spa d | ||
| 100 | 1 |
_aDoré, Dominique. _945387 |
|
| 245 | 1 | 0 |
_aBanco de datos _b: utilización y funcionamiento / _cDominique Doré, Henri Dou, Parina Hassanaly ; [traducción Lidia Porta]. |
| 260 |
_a[Barcelona] : _bMitre, _c[1983] |
||
| 300 |
_a157 p. : _bil. ; _c22 cm. |
||
| 700 | 1 |
_aDou, Henri. _945471 |
|
| 700 | 1 |
_aHassanaly, Parina. _962049 |
|
| 700 | 1 |
_aPorta, Lidia. _993174 |
|
| 852 |
_aES-MaACL _jL-6128 _bR.106735 |
||
| 999 |
_c57380 _d57380 |
||